Technický slovník naučný [díl I. - XVII.]
Salvato in:
| Autore principale: | |
|---|---|
| Altri autori: | |
| Natura: | Libro |
| Lingua: | ceco |
| Pubblicazione: |
Praha
Nakladatelé Borský a Šulc
1931
|
| Soggetti: | |
| Tags: |
Nessun Tag, puoi essere il primo ad aggiungerne!!
|
MARC
| LEADER | 00000nam a2200000 4500 | ||
|---|---|---|---|
| 001 | c123461 | ||
| 005 | 20251029072420.5 | ||
| 041 | 0 | |a cze | |
| 044 | |a CZ | ||
| 245 | 1 | 0 | |a Technický slovník naučný [díl I. - XVII.] |c Teyssler - Kotyška |
| 264 | 1 | |a Praha |b Nakladatelé Borský a Šulc |c 1931 | |
| 300 | |a 17 zv. | ||
| 610 | 2 | 0 | |a veda |
| 610 | 2 | 0 | |a technika |
| 610 | 2 | 0 | |a terminológia |
| 100 | 1 | |a Teyssler, Vladimír | |
| 700 | 1 | |a Kotyška, Václav | |